000 00289nam a22001337a 4500
008 210429b ||||| |||| 00| 0 eng d
041 _aeng
080 _a32
082 _a32
100 _a19
101 _aSHP
245 _aThe New York City Draft Riots
_cBernstein,I
942 _2udc
_cBK
999 _c57021
_d57021